[Event "Ïåðâåíñòâî Ìîñêâû ïî øàõìàòàì 2015 ñðåäè ìàëü÷èêîâ (Ì19)"]
[Site "Moscow"]
[Date "2015.11.17"]
[Round "6.9"]
[White "Êàòâàëÿí, Àâåòèê"]
[Black "Ãðèãîðüÿíö, Îëåã"]
[Result "1-0"]
[WhiteElo "1829"]
[BlackElo "1741"]
[PlyCount "0"]
[EventDate "2015.11.12"]

1. d4 {[%clk 1:30:48]} d5 {[%clk 1:30:46]} 2. c4 {[%clk 1:31:14]} e6
{[%clk 1:31:14]} 3. Nc3 {[%clk 1:31:39]} Nf6 {[%clk 1:31:41]} 4. Bg5
{[%clk 1:32:03]} Be7 {[%clk 1:32:09]} 5. e3 {[%clk 1:32:16]} O-O {[%clk 1:32:34]}
6. Nf3 {[%clk 1:32:19]} b6 {[%clk 1:32:53]} 7. Bd3 {[%clk 1:32:21]} Bb7
{[%clk 1:33:19]} 8. O-O {[%clk 1:32:18]} Nbd7 {[%clk 1:33:45]} 9. Rc1
{[%clk 1:31:06]} a6 {[%clk 1:34:11]} 10. Re1 {[%clk 1:29:24]} c5 {[%clk 1:34:36]}
11. cxd5 {[%clk 1:28:27]} exd5 {[%clk 1:35:06]} 12. Bf5 {[%clk 1:24:00]} h6
{[%clk 1:32:50]} 13. Bf4 {[%clk 1:21:39]} c4 {[%clk 1:27:55]} 14. Ne5
{[%clk 1:10:43]} b5 {[%clk 1:25:30]} 15. Nxd7 {[%clk 1:07:34]} Nxd7
{[%clk 1:25:52]} 16. Bxh6 {[%clk 1:03:42]} Nf6 {[%clk 1:15:03]} 17. Bf4
{[%clk 1:01:29]} g6 {[%clk 1:15:27]} 18. Bb1 {[%clk 0:55:41]} b4 {[%clk 1:15:56]}
19. Ne2 {[%clk 0:55:24]} a5 {[%clk 1:13:14]} 20. Be5 {[%clk 0:50:27]} Qb6
{[%clk 1:11:49]} 21. Bxf6 {[%clk 0:49:39]} Bxf6 {[%clk 1:12:14]} 22. Nf4
{[%clk 0:49:58]} Qd6 {[%clk 1:11:04]} 23. Qg4 {[%clk 0:48:03]} Bg7
{[%clk 1:11:25]} 24. h4 {[%clk 0:46:44]} Bc8 {[%clk 1:06:00]} 25. Qg5
{[%clk 0:44:13]} Ra6 {[%clk 1:05:32]} 26. Qxd5 {[%clk 0:42:01]} Qxd5
{[%clk 1:05:17]} 27. Nxd5 {[%clk 0:42:29]} Rd6 {[%clk 1:03:05]} 28. Ne7+
{[%clk 0:40:46]} Kh8 {[%clk 1:03:34]} 29. Rxc4 Bd7 30. Rec1 {[%clk 0:38:36]} Bf6
{[%clk 1:03:50]} 31. Nc6 {[%clk 0:38:12]} Bxh4 {[%clk 1:02:00]} 32. Nxa5
{[%clk 0:36:50]} Ra8 {[%clk 1:01:19]} 33. Nc6 {[%clk 0:32:54]} Kg7
{[%clk 1:01:39]} 34. Nxb4 {[%clk 0:32:16]} Be7 {[%clk 1:02:05]} 35. Nc6
{[%clk 0:31:00]} Bf6 {[%clk 0:57:36]} 36. b3 {[%clk 0:28:11]} Rh8
{[%clk 0:58:00]} 37. Be4 {[%clk 0:26:39]} g5 {[%clk 0:58:06]} 38. Rc5
{[%clk 0:25:44]} Kf8 {[%clk 0:51:42]} 39. Ne5 {[%clk 0:23:44]} Be8
{[%clk 0:52:09]} 40. Bc6 {[%clk 0:19:00]} Bxe5 {[%clk 0:52:20]} 41. dxe5
{[%clk 0:19:18]} Rdh6 {[%clk 0:52:24]} 42. Kf1 {[%clk 0:19:27]} 1-0

[Event "Ïåðâåíñòâî Ìîñêâû ïî øàõìàòàì 2015 ñðåäè ìàëü÷èêîâ (Ì19)"]
[Site "Moscow"]
[Date "2015.11.17"]
[Round "6.10"]
[White "Ãàðàíèí, Äàíèèë"]
[Black "Õðèïà÷, Ãåîðãèé"]
[Result "0-1"]
[WhiteElo "1659"]
[BlackElo "1715"]
[PlyCount "0"]
[EventDate "2015.11.12"]

1. c4 b6 2. Nf3 Bb7 3. g3 Bxf3 4. exf3 c5 5. Bg2 Nc6 6. O-O g6 7. Nc3 Bg7 8. Re1
e6 9. Nb5 d6 10. d3 a6 11. Nc3 Nge7 12. f4 O-O 13. Be3 Rc8 14. a3 Nf5 15. Qa4
Ncd4 16. Rab1 a5 17. Bd2 Qe8 18. Qxe8 Rfxe8 19. Na4 Rb8 20. Bc3 Nc2 21. Rec1 Nfd4
22. Kf1 e5 23. fxe5 Bh6 24. Rd1 Rxe5 25. Bd2 Bxd2 26. Rxd2 Rbe8 27. Nc3 Re1+ 0-1

[Event "Ïåðâåíñòâî Ìîñêâû ïî øàõìàòàì 2015 ñðåäè ìàëü÷èêîâ (Ì19)"]
[Site "Moscow"]
[Date "2015.11.18"]
[Round "7.1"]
[White "Àëåêñàíäðîâñêèé, Äìèòðèé"]
[Black "Òàðàñîâ, Àëåêñàíäð"]
[Result "1/2-1/2"]
[WhiteElo "2183"]
[BlackElo "2286"]
[PlyCount "0"]
[EventDate "2015.11.12"]

1. Nf3 {[%clk 1:30:57]} Nf6 {[%clk 1:26:30]} 2. g3 {[%clk 1:30:59]} b6
{[%clk 1:21:34]} 3. Bg2 {[%clk 1:30:57]} Bb7 {[%clk 1:21:59]} 4. O-O
{[%clk 1:31:06]} e6 {[%clk 1:20:54]} 5. c4 {[%clk 1:30:55]} Be7 {[%clk 1:21:01]}
6. Nc3 {[%clk 1:29:02]} O-O {[%clk 1:21:20]} 7. d4 {[%clk 1:28:17]} Ne4
{[%clk 1:20:58]} 8. Nxe4 {[%clk 1:25:10]} Bxe4 {[%clk 1:21:23]} 9. Ne1
{[%clk 1:24:02]} Bxg2 {[%clk 1:17:48]} 10. Nxg2 {[%clk 1:24:16]} d5
{[%clk 1:03:14]} 11. Qa4 {[%clk 1:10:09]} c5 {[%clk 0:52:42]} 12. cxd5
{[%clk 1:01:55]} Qxd5 {[%clk 0:52:54]} 13. dxc5 {[%clk 0:57:45]} Bxc5
{[%clk 0:52:16]} 14. Be3 {[%clk 0:58:05]} Bxe3 {[%clk 0:50:15]} 15. Nxe3
{[%clk 0:58:27]} Qc6 {[%clk 0:50:33]} 16. Qxc6 {[%clk 0:52:38]} Nxc6
{[%clk 0:50:03]} 17. Rfd1 {[%clk 0:52:40]} Rfd8 {[%clk 0:50:16]} 18. Rxd8+
{[%clk 0:52:53]} Rxd8 {[%clk 0:50:42]} 19. Rc1 {[%clk 0:53:14]} Nd4
{[%clk 0:49:36]} 20. Kf1 {[%clk 0:53:28]} Kf8 {[%clk 0:49:31]} 21. Ke1
{[%clk 0:50:29]} Ke7 {[%clk 0:46:27]} 22. Rc7+ {[%clk 0:50:06]} Rd7
{[%clk 0:46:51]} 23. Rc8 {[%clk 0:49:12]} Rd8 {[%clk 0:45:56]} 24. Rc7+
{[%clk 0:49:23]} Rd7 {[%clk 0:46:21]} 25. Rc8 {[%clk 0:49:48]} Rd8
{[%clk 0:46:47]} 26. Rc7+ {[%clk 0:50:15]} 1/2-1/2

[Event "Ïåðâåíñòâî Ìîñêâû ïî øàõìàòàì 2015 ñðåäè ìàëü÷èêîâ (Ì19)"]
[Site "Moscow"]
[Date "2015.11.18"]
[Round "7.2"]
[White "Åëåöêèé, Èâàí"]
[Black "Ñàâåíêîâ, Êîíñòàíòèí"]
[Result "1-0"]
[WhiteElo "2365"]
[BlackElo "2324"]
[PlyCount "0"]
[EventDate "2015.11.12"]

1. e4 {[%clk 1:28:50]} e6 {[%clk 1:30:57]} 2. d4 {[%clk 1:29:15]} d5
{[%clk 1:31:25]} 3. Bd3 {[%clk 1:29:41]} dxe4 {[%clk 1:30:48]} 4. Bxe4
{[%clk 1:30:07]} Nf6 {[%clk 1:31:16]} 5. Bf3 {[%clk 1:30:32]} c5 {[%clk 1:31:38]}
6. Ne2 {[%clk 1:30:58]} Nc6 {[%clk 1:31:45]} 7. Be3 {[%clk 1:31:23]} cxd4
{[%clk 1:32:01]} 8. Nxd4 {[%clk 1:31:49]} Ne5 {[%clk 1:32:28]} 9. Nc3
{[%clk 1:32:15]} Be7 {[%clk 1:29:32]} 10. Ndb5 {[%clk 1:32:12]} Qa5
{[%clk 1:15:06]} 11. Nd6+ {[%clk 1:25:22]} Bxd6 {[%clk 1:15:25]} 12. Qxd6
{[%clk 1:25:45]} Nc4 {[%clk 1:07:53]} 13. Qd3 {[%clk 1:17:45]} Nxe3
{[%clk 1:07:33]} 14. Qxe3 {[%clk 1:18:03]} O-O {[%clk 1:07:01]} 15. O-O
{[%clk 1:15:06]} Bd7 {[%clk 1:05:20]} 16. Rfd1 {[%clk 1:11:19]} Rac8
{[%clk 0:58:41]} 17. Ne4 {[%clk 1:03:28]} Nd5 {[%clk 0:57:08]} 18. Qd2
{[%clk 0:51:54]} Qc7 {[%clk 0:53:08]} 19. c4 {[%clk 0:51:56]} Nb6
{[%clk 0:52:36]} 20. c5 {[%clk 0:48:18]} Nd5 {[%clk 0:53:02]} 21. Nd6
{[%clk 0:48:32]} Rb8 {[%clk 0:50:57]} 22. Bxd5 {[%clk 0:48:04]} exd5
{[%clk 0:51:24]} 23. Qxd5 {[%clk 0:48:15]} Be6 {[%clk 0:51:21]} 24. Qd4
{[%clk 0:47:07]} Rfd8 {[%clk 0:48:56]} 25. b3 {[%clk 0:42:28]} b6
{[%clk 0:48:43]} 26. cxb6 {[%clk 0:41:59]} axb6 {[%clk 0:48:19]} 27. Nb5
{[%clk 0:41:14]} Qe7 {[%clk 0:47:33]} 28. Qe3 {[%clk 0:40:16]} Qf6
{[%clk 0:46:26]} 29. Rac1 {[%clk 0:37:47]} Qb2 {[%clk 0:45:43]} 30. Nd4
{[%clk 0:34:29]} Bg4 {[%clk 0:41:48]} 31. f3 {[%clk 0:34:49]} Bd7
{[%clk 0:41:38]} 32. Qd2 {[%clk 0:34:31]} Qxd2 {[%clk 0:41:46]} 33. Rxd2
{[%clk 0:34:57]} Kf8 {[%clk 0:41:50]} 34. Kf2 {[%clk 0:35:16]} Be8
{[%clk 0:41:33]} 35. Rcc2 {[%clk 0:33:38]} Rd5 {[%clk 0:41:40]} 36. Ne2
{[%clk 0:33:48]} Rh5 {[%clk 0:41:53]} 37. h3 {[%clk 0:33:56]} Ra5
{[%clk 0:42:02]} 38. Nf4 {[%clk 0:33:40]} Ra7 {[%clk 0:39:55]} 39. h4
{[%clk 0:33:21]} h6 {[%clk 0:39:36]} 40. Nd5 {[%clk 0:32:20]} Ra5
{[%clk 0:36:38]} 41. Nc7 {[%clk 0:31:47]} Rh5 {[%clk 0:36:08]} 42. Rd4
{[%clk 0:30:38]} Ra5 {[%clk 0:35:46]} 43. g4 {[%clk 0:27:41]} h5 {[%clk 0:35:58]}
44. g5 {[%clk 0:27:34]} Rf5 {[%clk 0:35:28]} 45. Kg3 {[%clk 0:27:14]} Re5
{[%clk 0:35:27]} 46. Kf2 {[%clk 0:25:38]} Rf5 {[%clk 0:34:09]} 47. Rd5
{[%clk 0:26:27]} Rxd5 {[%clk 0:34:52]} 48. Nxd5 {[%clk 0:26:53]} Bd7
{[%clk 0:35:14]} 49. Kg3 {[%clk 0:25:06]} g6 {[%clk 0:35:13]} 50. Rd2
{[%clk 0:24:25]} Be6 {[%clk 0:34:49]} 51. Nb4 {[%clk 0:23:56]} Ke8
{[%clk 0:34:27]} 52. Kf2 {[%clk 0:19:42]} Rc8 {[%clk 0:34:16]} 53. Rd6
{[%clk 0:20:00]} b5 {[%clk 0:34:33]} 54. Nc6 {[%clk 0:18:18]} Bd7
{[%clk 0:34:16]} 55. Nb4 {[%clk 0:16:09]} Rc1 {[%clk 0:32:58]} 56. Nd5
{[%clk 0:14:23]} Be6 {[%clk 0:33:05]} 57. Ke3 {[%clk 0:13:30]} Rh1
{[%clk 0:32:08]} 58. Nc7+ {[%clk 0:13:41]} Ke7 {[%clk 0:32:34]} 59. Rd4
{[%clk 0:13:42]} Bd7 {[%clk 0:32:50]} 60. Nd5+ {[%clk 0:12:26]} Ke6
{[%clk 0:32:22]} 61. Nf4+ {[%clk 0:12:00]} Ke7 {[%clk 0:32:44]} 62. Nd3
{[%clk 0:11:29]} Ra1 {[%clk 0:31:42]} 63. Nb4 {[%clk 0:11:42]} Rh1
{[%clk 0:30:17]} 64. Rf4 {[%clk 0:11:36]} Bf5 {[%clk 0:29:07]} 65. Nc6+
{[%clk 0:11:33]} Ke8 {[%clk 0:28:35]} 66. Rb4 {[%clk 0:10:50]} Bd7
{[%clk 0:26:02]} 67. Ne5 {[%clk 0:10:54]} Be6 {[%clk 0:26:08]} 68. Nc6
{[%clk 0:07:17]} Bd7 {[%clk 0:26:11]} 69. Na7 {[%clk 0:07:37]} Ra1
{[%clk 0:24:29]} 70. Nxb5 {[%clk 0:07:55]} Rxa2 {[%clk 0:24:51]} 71. Nc7+
{[%clk 0:06:56]} Ke7 {[%clk 0:23:00]} 72. Nd5+ {[%clk 0:07:14]} Ke6
{[%clk 0:23:01]} 73. Nc3 {[%clk 0:07:14]} Rb2 {[%clk 0:23:11]} 74. Rb6+
{[%clk 0:07:22]} Ke5 {[%clk 0:23:09]} 75. f4+ {[%clk 0:07:03]} Kf5
{[%clk 0:23:35]} 1-0

[Event "Ïåðâåíñòâî Ìîñêâû ïî øàõìàòàì 2015 ñðåäè ìàëü÷èêîâ (Ì19)"]
[Site "Moscow"]
[Date "2015.11.18"]
[Round "7.3"]
[White "Êðàñèêîâ, Âëàäèñëàâ"]
[Black "Êîâàëåâ, Åãîð"]
[Result "0-1"]
[WhiteElo "2113"]
[BlackElo "2144"]
[PlyCount "0"]
[EventDate "2015.11.12"]

1. d4 {[%clk 1:30:58]} Nf6 {[%clk 1:27:48]} 2. c4 {[%clk 1:31:27]} g6
{[%clk 1:27:46]} 3. Nc3 {[%clk 1:31:56]} d5 {[%clk 1:28:08]} 4. cxd5
{[%clk 1:32:25]} Nxd5 {[%clk 1:28:33]} 5. e4 {[%clk 1:32:51]} Nxc3
{[%clk 1:28:58]} 6. bxc3 {[%clk 1:33:20]} Bg7 {[%clk 1:29:20]} 7. Nf3
{[%clk 1:33:45]} O-O {[%clk 1:29:21]} 8. Be3 {[%clk 1:33:52]} c5 {[%clk 1:29:16]}
9. Rc1 {[%clk 1:32:34]} Nd7 {[%clk 1:09:57]} 10. Bd3 {[%clk 1:28:16]} Qc7
{[%clk 1:09:11]} 11. O-O {[%clk 1:24:11]} c4 {[%clk 1:09:19]} 12. Be2
{[%clk 1:22:28]} b5 {[%clk 1:07:56]} 13. d5 {[%clk 1:07:34]} Nf6 {[%clk 0:54:33]}
14. Qc2 {[%clk 1:03:42]} a6 {[%clk 0:52:22]} 15. Nd4 {[%clk 1:01:59]} Ng4
{[%clk 0:49:41]} 16. Bxg4 {[%clk 1:01:01]} Bxg4 {[%clk 0:50:08]} 17. f4
{[%clk 0:55:19]} Bd7 {[%clk 0:47:08]} 18. Nf3 {[%clk 0:49:50]} e6
{[%clk 0:45:16]} 19. dxe6 {[%clk 0:45:31]} fxe6 {[%clk 0:45:22]} 20. e5
{[%clk 0:43:05]} Bc6 {[%clk 0:44:02]} 21. Nd4 {[%clk 0:38:00]} Bd5
{[%clk 0:44:20]} 22. Qe2 {[%clk 0:37:34]} Rab8 {[%clk 0:41:42]} 23. Rb1
{[%clk 0:32:46]} Qd7 {[%clk 0:40:23]} 24. Bc1 {[%clk 0:26:18]} Rf7
{[%clk 0:27:21]} 25. Ba3 {[%clk 0:24:53]} Bf8 {[%clk 0:27:33]} 26. Bxf8
{[%clk 0:24:01]} Rbxf8 {[%clk 0:28:00]} 27. Qe3 {[%clk 0:22:06]} Qe7
{[%clk 0:28:21]} 28. Qg3 {[%clk 0:17:31]} Kh8 {[%clk 0:28:24]} 29. Rbe1
{[%clk 0:14:51]} Qc5 {[%clk 0:25:36]} 30. Qe3 {[%clk 0:12:26]} a5
{[%clk 0:25:15]} 31. a3 {[%clk 0:12:29]} Qxa3 {[%clk 0:23:34]} 32. Ra1
{[%clk 0:10:27]} Qb2 {[%clk 0:19:16]} 33. Ne2 {[%clk 0:10:56]} b4
{[%clk 0:13:56]} 34. Rfb1 {[%clk 0:10:14]} Qc2 {[%clk 0:14:09]} 35. cxb4
{[%clk 0:09:50]} axb4 {[%clk 0:11:44]} 36. Rxb4 {[%clk 0:09:51]} g5
{[%clk 0:11:01]} 37. Qf2 {[%clk 0:07:00]} gxf4 {[%clk 0:10:56]} 38. Rc1
{[%clk 0:02:52]} Qd2 {[%clk 0:10:13]} 39. Qe1 {[%clk 0:01:31]} Qe3+
{[%clk 0:10:06]} 40. Qf2 {[%clk 0:01:59]} Rg8 {[%clk 0:09:49]} 41. g4
{[%clk 0:00:40]} Rxg4+ 42. Kf1 Rg2 {[%clk 0:09:16]} 43. Qxe3 {[%clk 0:01:14]}
fxe3+ {[%clk 0:09:42]} 44. Ke1 {[%clk 0:01:42]} Rff2 {[%clk 0:09:50]} 45. Ng3
{[%clk 0:01:00]} Rg1+ 0-1

[Event "Ïåðâåíñòâî Ìîñêâû ïî øàõìàòàì 2015 ñðåäè ìàëü÷èêîâ (Ì19)"]
[Site "Moscow"]
[Date "2015.11.18"]
[Round "7.4"]
[White "Ïàÿíèäè, ßíèñ"]
[Black "Ñàëüìàí, Ïàâåë"]
[Result "1/2-1/2"]
[WhiteElo "2178"]
[BlackElo "2196"]
[PlyCount "0"]
[EventDate "2015.11.12"]

1. e4 {[%clk 1:25:16]} c5 {[%clk 1:30:54]} 2. Nf3 {[%clk 1:25:42]} e6
{[%clk 1:31:15]} 3. d4 {[%clk 1:26:03]} cxd4 {[%clk 1:31:39]} 4. Nxd4
{[%clk 1:26:29]} a6 {[%clk 1:31:53]} 5. Nc3 {[%clk 1:26:17]} Qc7 {[%clk 1:32:18]}
6. a3 {[%clk 1:18:26]} Nf6 {[%clk 1:31:55]} 7. Bd3 {[%clk 1:15:56]} Be7
{[%clk 1:31:41]} 8. O-O {[%clk 1:16:16]} d6 {[%clk 1:30:00]} 9. Kh1
{[%clk 1:14:43]} Nbd7 {[%clk 1:28:42]} 10. f4 {[%clk 1:12:24]} b6
{[%clk 1:21:43]} 11. Be2 {[%clk 1:07:57]} Bb7 {[%clk 1:19:23]} 12. Bf3
{[%clk 1:07:52]} O-O {[%clk 1:16:46]} 13. Qe2 {[%clk 1:02:58]} Rab8
{[%clk 1:03:00]} 14. Be3 {[%clk 0:57:05]} Rfe8 {[%clk 1:02:37]} 15. Rad1
{[%clk 0:53:45]} Bf8 {[%clk 1:01:33]} 16. Nb3 {[%clk 0:50:35]} e5
{[%clk 0:48:58]} 17. f5 {[%clk 0:35:47]} d5 {[%clk 0:47:11]} 18. Nxd5
{[%clk 0:36:02]} Bxd5 {[%clk 0:47:29]} 19. exd5 {[%clk 0:36:26]} e4
{[%clk 0:47:02]} 20. Bg4 {[%clk 0:35:53]} Nxg4 {[%clk 0:42:12]} 21. Qxg4
{[%clk 0:35:00]} Qxc2 {[%clk 0:42:20]} 22. Nd4 {[%clk 0:34:39]} Qxb2
{[%clk 0:39:01]} 23. Nc6 {[%clk 0:30:58]} Rb7 {[%clk 0:36:42]} 24. Bd4
{[%clk 0:25:10]} Qxa3 {[%clk 0:36:04]} 25. d6 {[%clk 0:25:00]} f6
{[%clk 0:27:40]} 26. Ne7+ {[%clk 0:19:18]} Bxe7 {[%clk 0:21:12]} 27. Qxe4
{[%clk 0:19:37]} Rbb8 {[%clk 0:21:15]} 28. Qe6+ {[%clk 0:19:51]} Kh8
{[%clk 0:20:52]} 29. Qxd7 {[%clk 0:19:57]} Qxd6 {[%clk 0:16:38]} 30. Qxd6
{[%clk 0:20:21]} Bxd6 {[%clk 0:17:04]} 31. Bxf6 {[%clk 0:20:44]} Be5
{[%clk 0:16:48]} 32. Bxe5 {[%clk 0:20:27]} Rxe5 {[%clk 0:17:17]} 33. f6
{[%clk 0:20:53]} gxf6 {[%clk 0:17:29]} 34. Rxf6 {[%clk 0:21:15]} a5
{[%clk 0:06:41]} 35. h3 {[%clk 0:21:39]} b5 {[%clk 0:06:23]} 36. Rd7
{[%clk 0:21:28]} b4 {[%clk 0:06:29]} 37. Rh6 {[%clk 0:20:56]} Kg8
{[%clk 0:05:11]} 38. Rdxh7 {[%clk 0:17:46]} Reb5 {[%clk 0:02:25]} 39. Rh8+
{[%clk 0:17:44]} Kg7 {[%clk 0:02:35]} 40. R8h7+ {[%clk 0:18:07]} Kg8
{[%clk 0:02:45]} 41. Rd6 Rg5 42. Rdh6 Kg7 43. Rh8 {[%clk 0:18:31]} 1/2-1/2

[Event "Ïåðâåíñòâî Ìîñêâû ïî øàõìàòàì 2015 ñðåäè ìàëü÷èêîâ (Ì19)"]
[Site "Moscow"]
[Date "2015.11.18"]
[Round "7.5"]
[White "Ìèõàéëîâñêèé, Âëàäèìèð"]
[Black "Ñåëèâåðñòîâ, Âëàäèñëàâ"]
[Result "1/2-1/2"]
[WhiteElo "2126"]
[BlackElo "1954"]
[PlyCount "0"]
[EventDate "2015.11.12"]

1. Nf3 {[%clk 1:30:56]} Nf6 {[%clk 1:30:50]} 2. g3 {[%clk 1:31:21]} c6
{[%clk 1:31:14]} 3. Bg2 {[%clk 1:31:45]} d5 {[%clk 1:31:39]} 4. c4
{[%clk 1:32:10]} Bg4 {[%clk 1:31:56]} 5. cxd5 {[%clk 1:32:11]} cxd5
{[%clk 1:31:59]} 6. Qb3 {[%clk 1:32:31]} Qb6 {[%clk 1:31:15]} 7. Qxb6
{[%clk 1:32:59]} axb6 {[%clk 1:31:37]} 8. Nc3 {[%clk 1:33:24]} Bxf3
{[%clk 1:29:40]} 9. Bxf3 {[%clk 1:33:50]} e6 {[%clk 1:30:00]} 10. d3
{[%clk 1:32:40]} Nc6 {[%clk 1:29:44]} 11. O-O {[%clk 1:30:08]} Nd4
{[%clk 1:27:45]} 12. Kg2 {[%clk 1:22:51]} Nxf3 {[%clk 1:26:48]} 13. Kxf3
{[%clk 1:23:17]} Kd7 {[%clk 1:26:14]} 14. b3 {[%clk 1:19:08]} Bb4
{[%clk 1:23:17]} 15. Bb2 {[%clk 1:17:16]} Rhc8 {[%clk 1:23:18]} 16. Rfc1
{[%clk 1:11:29]} Bxc3 {[%clk 1:20:55]} 17. Rxc3 {[%clk 1:07:43]} Rxc3
{[%clk 1:17:57]} 18. Bxc3 {[%clk 1:08:11]} Ne8 {[%clk 1:18:17]} 19. a4
{[%clk 0:58:06]} f6 {[%clk 1:18:26]} 20. Bd4 {[%clk 0:57:59]} b5 {[%clk 1:16:42]}
21. a5 {[%clk 0:58:10]} Nc7 {[%clk 1:10:27]} 22. h4 {[%clk 0:50:46]} Na6
{[%clk 1:09:42]} 23. Rc1 {[%clk 0:49:01]} Nb4 {[%clk 0:52:30]} 24. Bb6
{[%clk 0:42:59]} Nc6 {[%clk 0:45:03]} 25. Rc5 {[%clk 0:35:48]} b4
{[%clk 0:41:54]} 26. e3 {[%clk 0:32:01]} Kd6 {[%clk 0:41:04]} 27. Rb5
{[%clk 0:29:21]} g6 {[%clk 0:40:11]} 28. Bc5+ {[%clk 0:29:02]} Kc7
{[%clk 0:40:26]} 29. Bb6+ {[%clk 0:27:42]} Kd6 {[%clk 0:40:48]} 30. Bc5+
{[%clk 0:25:32]} Kc7 {[%clk 0:41:10]} 31. Ke2 {[%clk 0:25:49]} Ra6
{[%clk 0:39:16]} 32. Bb6+ {[%clk 0:25:51]} Kd6 {[%clk 0:39:38]} 33. f3
{[%clk 0:18:43]} h5 {[%clk 0:35:44]} 34. Bc5+ {[%clk 0:17:57]} Kc7
{[%clk 0:35:20]} 35. Bb6+ {[%clk 0:18:26]} Kd6 {[%clk 0:35:37]} 36. Bc5+
{[%clk 0:15:29]} Kc7 {[%clk 0:35:39]} 37. Bb6+ {[%clk 0:15:57]} Kd6
{[%clk 0:35:37]} 38. e4 {[%clk 0:15:25]} d4 {[%clk 0:32:06]} 39. Bc5+
{[%clk 0:13:30]} Kc7 {[%clk 0:32:26]} 40. Bb6+ {[%clk 0:13:48]} Kd6
{[%clk 0:32:46]} 41. Bc5+ {[%clk 0:12:40]} Kc7 {[%clk 0:33:15]} 42. Bxb4
{[%clk 0:11:07]} Nxb4 {[%clk 0:33:19]} 43. Rxb4 {[%clk 0:11:36]} Rxa5
{[%clk 0:33:10]} 44. Rc4+ {[%clk 0:12:00]} Kb6 {[%clk 0:32:51]} 45. Rxd4
{[%clk 0:12:25]} Ra2+ {[%clk 0:33:11]} 46. Ke3 {[%clk 0:12:54]} Kc5
{[%clk 0:33:04]} 47. Rc4+ {[%clk 0:12:19]} Kd6 {[%clk 0:33:11]} 48. Rb4
{[%clk 0:11:31]} Kc6 {[%clk 0:30:56]} 49. Rc4+ {[%clk 0:09:39]} Kd6
{[%clk 0:31:02]} 50. Rd4+ {[%clk 0:07:18]} Kc6 {[%clk 0:31:26]} 51. f4
{[%clk 0:07:11]} Rg2 {[%clk 0:31:21]} 52. Kf3 {[%clk 0:07:37]} Rb2
{[%clk 0:31:20]} 53. e5 {[%clk 0:06:27]} Rxb3 {[%clk 0:29:59]} 54. exf6
{[%clk 0:06:17]} Rb5 {[%clk 0:27:54]} 55. Re4 {[%clk 0:05:53]} Kd7
{[%clk 0:23:29]} 56. Re5 {[%clk 0:06:09]} Rb3 {[%clk 0:23:18]} 57. Rg5
{[%clk 0:06:24]} Ke8 {[%clk 0:22:34]} 58. Rxg6 {[%clk 0:05:37]} Kf7
{[%clk 0:22:44]} 59. Rg5 {[%clk 0:06:05]} Rxd3+ {[%clk 0:22:11]} 60. Kf2
{[%clk 0:06:23]} Rd5 {[%clk 0:21:31]} 61. Ke3 {[%clk 0:04:29]} Kxf6
{[%clk 0:20:08]} 62. Rxd5 {[%clk 0:00:48]} exd5 {[%clk 0:20:30]} 63. Kd4
{[%clk 0:01:13]} Ke6 {[%clk 0:20:47]} 64. Kc5 {[%clk 0:01:40]} b6+
{[%clk 0:20:42]} 65. Kd4 {[%clk 0:01:43]} Kd6 {[%clk 0:20:36]} 66. Kd3
{[%clk 0:02:06]} Ke6 {[%clk 0:19:44]} 67. Kd4 {[%clk 0:02:31]} Kd6
{[%clk 0:20:05]} 1/2-1/2

[Event "Ïåðâåíñòâî Ìîñêâû ïî øàõìàòàì 2015 ñðåäè ìàëü÷èêîâ (Ì19)"]
[Site "Moscow"]
[Date "2015.11.18"]
[Round "7.6"]
[White "Ìàòþíèí, Âëàäèñëàâ"]
[Black "Êàòâàëÿí, Àâåòèê"]
[Result "1/2-1/2"]
[WhiteElo "2062"]
[BlackElo "1829"]
[PlyCount "0"]
[EventDate "2015.11.12"]

1. d4 {[%clk 1:30:02]} d5 {[%clk 1:30:56]} 2. c4 {[%clk 1:30:29]} e6
{[%clk 1:31:22]} 3. Nc3 {[%clk 1:30:53]} Nf6 {[%clk 1:31:48]} 4. cxd5
{[%clk 1:31:19]} exd5 {[%clk 1:32:14]} 5. Bg5 {[%clk 1:31:46]} Be7
{[%clk 1:30:50]} 6. e3 {[%clk 1:32:10]} Nbd7 {[%clk 1:26:18]} 7. Bd3
{[%clk 1:31:13]} O-O {[%clk 1:20:16]} 8. Nge2 {[%clk 1:30:55]} c5
{[%clk 1:20:09]} 9. Rc1 {[%clk 1:28:17]} c4 {[%clk 1:16:14]} 10. Bb1
{[%clk 1:28:08]} Re8 {[%clk 1:15:18]} 11. O-O {[%clk 1:27:25]} Nf8
{[%clk 1:15:15]} 12. f3 {[%clk 1:24:54]} Ng6 {[%clk 1:09:37]} 13. Qc2
{[%clk 1:19:00]} h6 {[%clk 1:07:01]} 14. Bf4 {[%clk 1:18:05]} Bb4
{[%clk 0:57:54]} 15. Qd2 {[%clk 1:06:30]} Nxf4 {[%clk 0:53:42]} 16. Nxf4
{[%clk 1:06:53]} g5 {[%clk 0:51:51]} 17. Nfe2 {[%clk 1:05:22]} Qe7
{[%clk 0:49:44]} 18. e4 {[%clk 1:00:10]} dxe4 {[%clk 0:47:46]} 19. fxe4
{[%clk 1:00:34]} Nxe4 {[%clk 0:46:03]} 20. Bxe4 {[%clk 1:00:53]} Qxe4
{[%clk 0:46:32]} 21. Nxe4 {[%clk 1:01:17]} Bxd2 {[%clk 0:46:53]} 22. Nf6+
{[%clk 1:01:17]} Kf8 {[%clk 0:47:05]} 23. Nxe8 {[%clk 1:00:48]} Bxc1
{[%clk 0:47:17]} 24. Rxc1 {[%clk 0:59:27]} Kxe8 {[%clk 0:47:44]} 25. Rxc4
{[%clk 0:59:47]} Be6 {[%clk 0:46:49]} 26. Rc7 {[%clk 0:59:18]} Rb8
{[%clk 0:45:15]} 27. Nc3 {[%clk 0:59:14]} Kd8 {[%clk 0:45:30]} 28. Rc5
{[%clk 0:59:40]} Rc8 {[%clk 0:43:44]} 29. Rxc8+ {[%clk 1:00:04]} Kxc8
{[%clk 0:43:55]} 30. Kf2 {[%clk 1:00:30]} Kd7 {[%clk 0:43:59]} 31. Ke3
{[%clk 0:59:54]} Bf5 {[%clk 0:42:56]} 32. d5 {[%clk 0:59:32]} Kd6
{[%clk 0:42:10]} 33. Kd4 {[%clk 0:59:30]} a6 {[%clk 0:42:30]} 34. Nd1
{[%clk 0:58:54]} Bb1 {[%clk 0:41:53]} 35. Ne3 {[%clk 0:58:38]} b5
{[%clk 0:41:41]} 36. g3 {[%clk 0:55:36]} h5 {[%clk 0:36:11]} 37. a4
{[%clk 0:46:37]} Bg6 {[%clk 0:31:10]} 38. axb5 {[%clk 0:45:43]} axb5
{[%clk 0:31:38]} 39. Nd1 {[%clk 0:45:09]} f5 {[%clk 0:29:31]} 40. Nc3
{[%clk 0:45:18]} Be8 {[%clk 0:29:55]} 41. h3 {[%clk 0:34:43]} g4 {[%clk 0:22:29]}
42. h4 {[%clk 0:34:04]} Bd7 {[%clk 0:22:27]} 43. Nd1 {[%clk 0:33:15]} Be8
{[%clk 0:20:56]} 44. Ne3 {[%clk 0:32:45]} Bd7 {[%clk 0:11:06]} 45. Ng2
{[%clk 0:33:10]} Be8 {[%clk 0:11:27]} 46. Nf4 {[%clk 0:33:37]} Bf7
{[%clk 0:11:50]} 47. b3 {[%clk 0:34:04]} Be8 {[%clk 0:11:37]} 48. Ne6
{[%clk 0:34:17]} Bf7 {[%clk 0:09:48]} 49. Ng7 {[%clk 0:33:13]} Bxd5
{[%clk 0:09:29]} 50. Nxf5+ {[%clk 0:33:30]} Ke6 {[%clk 0:09:50]} 51. Ng7+
{[%clk 0:33:52]} Kd6 {[%clk 0:10:07]} 52. Nxh5 {[%clk 0:33:16]} Bxb3
{[%clk 0:10:29]} 53. Nf6 {[%clk 0:33:40]} Be6 {[%clk 0:07:23]} 54. Ne4+
{[%clk 0:33:59]} Ke7 {[%clk 0:05:40]} 55. Kc5 {[%clk 0:36:47]} Bd7
{[%clk 0:04:56]} 56. Nc3 {[%clk 0:37:08]} Kf6 {[%clk 0:05:02]} 57. Nxb5
{[%clk 0:37:25]} Ke5 {[%clk 0:05:23]} 58. Nd6 {[%clk 0:37:45]} Be6
{[%clk 0:05:30]} 59. Nb5 {[%clk 0:37:34]} Ke4 {[%clk 0:05:07]} 60. Kd6
{[%clk 0:37:34]} Bc4 {[%clk 0:05:03]} 61. Kc5 {[%clk 0:36:31]} Bd3
{[%clk 0:03:56]} 62. Nd4 {[%clk 0:36:49]} Ke3 {[%clk 0:04:11]} 63. Kd5
{[%clk 0:35:32]} Kf2 {[%clk 0:04:18]} 64. Ke5 {[%clk 0:35:33]} Kxg3
{[%clk 0:04:38]} 65. h5 {[%clk 0:35:55]} 1/2-1/2